| 000 | 00730nam a2200277 a 4500 | ||
|---|---|---|---|
| 003 | AR-BaBNM | ||
| 005 | 20251128203141.0 | ||
| 008 | 082120s2002 ||||||||||||||000 | spa|| | ||
| 040 | _cAR-BaBNM | ||
| 100 | 1 | _aLeopardi, Giacomo | |
| 245 | 0 | 0 | _aPoesía y prosa |
| 260 |
_aBuenos Aires _bCentro Editor de América Latina _c1968 |
||
| 300 | _a117 p. | ||
| 490 | 0 | _aBiblioteca básica universal | |
| 650 | 4 | _aROMANTICISMO | |
| 650 | 4 | _aLITERATURA ITALIANA | |
| 650 | 4 | _aANTOLOGIAS | |
| 650 | 4 | _aPOESIA | |
| 650 | 4 | _aSIGLO DIECINUEVE | |
| 650 | 4 | _aPESIMISMO | |
| 653 | _aINFLUENCIA CLASICA | ||
| 655 | _aLITERATURA | ||
| 700 | 1 |
_aGiambelluca de Morales, María Cristina _ecompilador |
|
| 942 | _cBK | ||
| 998 | _cMARTIN | ||
| 999 |
_c2141 _d2141 |
||